লোডিং...

Marketing management

গ্রন্থ-পঞ্জীর বিবরন
প্রধান লেখক: Mamoria, C B and Mamoria, S
বিন্যাস: Printed Book
প্রকাশিত: Kitabistan Publishers, Allahabad 1989
সংস্করন:3 Edition
বিষয়গুলি:
LEADER 00501nam a2200157 4500
082 |a 658.8 MAM-M3 
100 |a Mamoria, C B and Mamoria, S 
245 |a Marketing management  |c Mamoria, C B and Mamoria, S 
250 |a 3 Edition 
260 |a Kitabistan Publishers, Allahabad  |c 1989 
300 |a 634 p 
490
650 |a Marketing management 
942 |c BK 
999 |c 125161  |d 125161 
952 |0 0  |1 0  |4 0  |6 658_800000000000000_MAMM3  |7 0  |9 138623  |a COM  |b COM  |l 0  |o 658.8 MAM-M3  |p COM01374  |r 2019-10-24  |w 2019-10-24  |y BK